VERTIKÁLNA MIGRÁCIA KADMIA VO VYBRANÝCH PÔDNYCH TYPOCH

Bibliographic Details
Main Authors: Ľahučký, L. (Author), Vollmannová, Alena, 1959- (Author)
Format: Article
Language:Slovak
ISBN:8071377457

MARC

LEADER 00000naa a2200000uu 4500
001 vtls011056845
003 SK-MaSNL
005 20260302113757.0
008 210909|2000 xo |||||||||||||||||slo|
015 |a SNBRA 
035 |a (urnnbn)urn:nbn:sk:snk:ar-a0bzcn 
035 |a (uuid)c981353f-4021-4cd5-a19d-6f30b86e20e9 
035 |a urn:nbn:sk:snk-aav5yp 
040 |a SNKBUCL  |b slo  |c SNKBUCL  |e AACR2 
041 0 |a slo 
044 |a xo  |c SK 
100 1 |a Ľahučký, L.  |4 aut  |9 788201 
245 1 0 |a VERTIKÁLNA MIGRÁCIA KADMIA VO VYBRANÝCH PÔDNYCH TYPOCH  |c L. ĽAHUČKÝ, A. VOLLMANNOVÁ 
246 3 |a VERTICAL CADMIUM MIGRATION IN SOME OF SOIL TYPE 
700 1 |a Vollmannová, Alena,  |d 1959-  |4 aut  |9 10573 
773 0 |t Cudzorodé látky v životnom prostredí  |d Nitra : Slovenská poľnohospodárska univerzita, 2000  |g S. 137-141  |z 8071377457 
958 |a OND 
958 |a article12 
958 |a chapter 
999 |c 1257021  |d 1258951